000 01712nam a2200469 i 4500
001 147929
003 FINmELB
005 20241217182258.0
006 m o u
007 cr cn|||||||||
008 210921s2011 sp a o 001 0 spa d
020 _a9788434242050
_q(e-book)
020 _z9788434234819
_q(print)
035 _a(OCoLC)1280140521
040 _aFINmELB
_bspa
_erda
_cFINmELB
050 4 _aND1492
_bS446 2011
080 _a75+159.937.512
082 0 4 _a751.422
_223
245 0 3 _aEl secreto de los colores /
_c[autor no identificado].
250 _asegunda edición.
264 1 _a[Barcelona, España?] :
_bParramón Paidotribo,
_c2011.
300 _a1 recurso en línea (159 páginas) :
_bilustraciones
336 _atexto
_btxt
_2rdacontent/spa
337 _acomputadora
_bc
_2rdamedia/spa
338 _arecurso en línea
_bcr
_2rdacarrier/spa
490 1 _aMiniguías Parramón
500 _aIncluye glosario.
500 _aIncluye índice.
588 _aDescripción basada en metadatos suministrados por el editor y otras fuentes.
590 _aRecurso electrónico. Santa Fe, Arg.: elibro, 2021. Disponible vía World Wide Web. El acceso puede estar limitado para las bibliotecas afiliadas a elibro.
650 0 _aColors (Art)
650 4 _aColores (Arte)
655 4 _aLibros electrónicos.
700 1 _aCanal, María Fernanda,
_eeditora.
797 2 _aelibro, Corp.
830 0 _aMiniguías Parramón.
856 4 0 _uhttps://elibro.net/ereader/politecnicointernacional/119249
999 _c147929
_d147929